|
|
|
|
| LEADER |
00000nam a22000007a 4500 |
| 005 |
2018033100580.0 |
| 007 |
cr|||| |||| |
| 008 |
180331s2011 cl |||||s|||| 00||0 spa d |
| 020 |
|
|
|a 978-956-7160-66-2
|
| 035 |
|
|
|a 21295
|
| 040 |
|
|
|a vLex
|
| 090 |
|
|
|c 7606
|d 7606
|
| 100 |
1 |
|
|a Corral Talciani, Hernǹ
|
| 245 |
1 |
0 |
|a Prescripcin̤ extintiva
|h [Recurso electrn̤ico] :
|b Estudios sobre su procedencia y funcionamiento en Derecho Pb︢lico y Privado /
|c Hernǹ Corral Talciani
|
| 256 |
|
|
|a Servicio en ln̕ea
|
| 260 |
|
|
|a Santiago de Chile:
|b Universidad de los Andes (Chile),
|c 2011
|
| 300 |
|
|
|a 1 recurso electrn̤ico
|
| 506 |
1 |
|
|a Disponible solo en los productos indicados
|d vLex Global
|d vLex Global (Academic Edition, excluding Law Schools)
|d vLex Global (U.S. Academic Edition, Law Schools)
|d vLex Global (U.S. Academic Edition, excluding Law Schools)
|d vLex Global (Academic Edition, Law Schools)
|
| 650 |
0 |
4 |
|a Derecho Civil
|z Chile
|
| 650 |
0 |
4 |
|a Consumidores Usuarios
|z Chile
|
| 740 |
0 |
|
|a vLex Libros (Servicio en ln̕ea)
|
| 856 |
4 |
0 |
|u http://vlex.com/source/prescripcion-extintiva-estudios-sobre-su-procedencia-y-funcionamiento-en-derecho-publico-y-privado-21295
|z Acceso restringido
|
| 942 |
|
|
|c BOOK
|
| 999 |
0 |
|
|a Civil Law
|
| 999 |
0 |
|
|a Consumers Users
|